| 000 | 00654nam a2200181Ia 4500 | ||
|---|---|---|---|
| 008 | 090630s9999 xx 000 0 und d | ||
| 082 | _b15860 | ||
| 100 | _aगुुजर अनिल. | ||
| 245 |
_aआसवे पापण्यांत गोठली. _cगुुजर अनिल. |
||
| 260 | _bस्वप्न - पुणे. | ||
| 300 | _a183 | ||
| 600 | _aगुुजर अनिल. | ||
| 630 | _aआसवे पापण्यांत गोठली. | ||
| 655 | _aकादंबरी. | ||
| 700 | _aगुुजर अनिल. | ||
| 730 | _aआसवे पापण्यांत गोठली. | ||
| 942 | _cBOOK | ||
| 999 |
_c267716 _d267716 |
||